LEADER 00885nam0-22003131i-450- 001 990007880570403321 005 20080222130522.0 035 $a000788057 035 $aFED01000788057 035 $a(Aleph)000788057FED01 035 $a000788057 100 $a20040507d1983----km-y0itay50------ba 101 1 $aita 102 $aIT 105 $ay-------001yy 200 1 $a<> gabbia d'oro$el'enigma dell'anoressia mentale$fHilde Bruch 210 $aMilano$cFeltrinelli$d1983 215 $a167 p.$d21 cm 225 1 $aBiblioteca di psichiatria e di psicologia clinica$v72 610 0 $aAnoressia mentale 676 $a616.852 62$v21$zita 700 1$aBruch,$bHilde$0170065 801 0$aIT$bUNINA$gRICA$2UNIMARC 901 $aBK 912 $a990007880570403321 952 $aP.1 PCP 387$bBibl. 56328$fFLFBC 959 $aFLFBC 996 $aGabbia d'oro$9271256 997 $aUNINA LEADER 01248nam0-22003611i-450 001 990000642620403321 005 20171020083502.0 035 $a000064262 035 $aFED01000064262 035 $a(Aleph)000064262FED01 035 $a000064262 100 $a20020821d1982----km-y0itay50------ba 101 0 $aita 102 $aIT 105 $aa-------001yy 200 1 $aRapporto sul terremoto$edocumento 1982$estima dei danni subiti dai sistemi insediativi per effetto del sisma del 23 novembre 1980 nelle regioni della Basilicata, Campania e Puglia$fMinistero del Bilancio e della Programmazione economica 210 $aRoma$cIstituto Poligrafico e Zecca del lo Stato$d1982 215 $a168 p., [6] c.di tav. ripieg.$cill.$d29 cm 610 0 $aBasilicata$aTerremoti 610 0 $aCampania$aTerremoti 610 0 $aPuglia$aTerremoti 710 02$aItalia.$bMinistero del bilancio e della programmazione economica$0296352 801 0$aIT$bUNINA$gRICA$2UNIMARC 901 $aBK 912 $a990000642620403321 952 $aB-It 0244$bNBG$fILFGE 952 $aINU C 524$b1824$fFARBC 952 $a01 L 1056$fDINST 959 $aFARBC 959 $aILFGE 959 $aDINST 996 $aRapporto sul terremoto$9314544 997 $aUNINA